| 000 | 00426nam a2200145 4500 | ||
|---|---|---|---|
| 999 |
_c514969 _d514969 |
||
| 082 | _aTNC A99 An14\G959 | ||
| 100 |
_aGupta, Amulya Kumar Datta _919996 |
||
| 245 | _aIn association with Sri Sri Anandamayi | ||
| 260 |
_aCalcutta _bSri Sri Anandamayi _c1986 |
||
| 300 | _a229p. | ||
| 650 |
_aAnandamayi, -- 1896-1982 _919997 |
||
| 650 |
_aSpiritual life -- Hinduism _919998 |
||
| 650 |
_aHindu philosophy _919999 |
||
| 942 | _2ddc | ||